Avoiding cyberfraud in small businesses: what auditors and owners need to know
| Authors: | ; ; |
|---|---|
| Format: | Print Book |
| Language: | English |
| Published: |
New York [u.a.]
Wiley
c2000
|
| In: | Year: 2000 |
| Online Access: |
Cover Table of Contents Publisher description Table of Contents |
| Availability in Tübingen: | Present in Tübingen. UB: KB 19 A 8269 |
| Check availability: | HBZ Gateway |
| Subito Delivery Service: | Order now. |
| Keywords: |
MARC
| LEADER | 00000cam a2200000 c 4500 | ||
|---|---|---|---|
| 001 | 308803337 | ||
| 003 | DE-627 | ||
| 005 | 20251222215004.0 | ||
| 007 | tu | ||
| 008 | 000107s2000 xxu||||| 00| ||eng c | ||
| 010 | |a 99089705 | ||
| 020 | |a 0471372978 |c cloth : acid-free paper |9 0-471-37297-8 | ||
| 035 | |a (DE-627)308803337 | ||
| 035 | |a (DE-576)086728911 | ||
| 035 | |a (DE-599)GBV308803337 | ||
| 035 | |a (OCoLC)247058305 | ||
| 035 | |a (OCoLC)43036934 | ||
| 040 | |a DE-627 |b ger |c DE-627 |e rakwb | ||
| 041 | |a eng | ||
| 044 | |c XD-US |c XA-DE |c XA-GB | ||
| 050 | 0 | |a HV6773 | |
| 082 | 0 | |a 658.478 | |
| 082 | 0 | |a 658.4/78 | |
| 082 | 0 | |a 364.168 | |
| 084 | |a QP 345 |2 rvk |0 (DE-625)rvk/141866: | ||
| 100 | 1 | |a Bologna, Jack |0 (DE-627)1234799057 |0 (DE-576)164799052 |4 aut | |
| 109 | |a Bologna, Jack | ||
| 245 | 1 | 0 | |a Avoiding cyberfraud in small businesses |b what auditors and owners need to know |c G. Jack Bologna, Paul Shaw |
| 264 | 1 | |a New York [u.a.] |b Wiley |c c2000 | |
| 300 | |a XIV, 235 S |c 24 cm | ||
| 336 | |a Text |b txt |2 rdacontent | ||
| 337 | |a ohne Hilfsmittel zu benutzen |b n |2 rdamedia | ||
| 338 | |a Band |b nc |2 rdacarrier | ||
| 500 | |a Includes bibliographical references (p. 227-229) and index | ||
| 583 | 1 | |a Archivierung prüfen |c 20200919 |f DE-640 |z 2 |2 pdager | |
| 650 | 0 | |a Computer crimes | |
| 650 | 0 | |a Computer crimes |x Prevention | |
| 650 | 0 | |a Small Business | |
| 650 | 0 | |a Commercial crimes | |
| 650 | 0 | |a Auditing, Internal | |
| 689 | 0 | 0 | |d s |0 (DE-588)4010452-7 |0 (DE-627)106357816 |0 (DE-576)208888128 |a Computerkriminalität |2 gnd |
| 689 | 0 | 1 | |d s |0 (DE-588)4066464-8 |0 (DE-627)106113437 |0 (DE-576)209164719 |a Wirtschaftskriminalität |2 gnd |
| 689 | 0 | 2 | |d s |0 (DE-588)4076308-0 |0 (DE-627)104364106 |0 (DE-576)209201428 |a Prävention |2 gnd |
| 689 | 0 | 3 | |d s |0 (DE-588)4031031-0 |0 (DE-627)106267590 |0 (DE-576)208990232 |a Klein- und Mittelbetrieb |2 gnd |
| 689 | 0 | |5 (DE-627) | |
| 700 | 1 | |a Bologna, G. Jack |4 aut | |
| 700 | 1 | |a Shaw, Paul |4 aut | |
| 856 | 4 | 2 | |u http://www.gbv.de/dms/hbz/toc/ht012818339.pdf |m V:DE-605 |q pdf/application |v 2008-11-15 |x Verlag |y Inhaltsverzeichnis |3 Inhaltsverzeichnis |7 1 |
| 856 | 4 | 2 | |u https://swbplus.bsz-bw.de/bsz086728911cov.jpg |m V:DE-576 |m X:wiley |q image/jpeg |v 20091124042939 |3 Cover |7 1 |
| 856 | 4 | 2 | |u http://www.loc.gov/catdir/toc/onix06/99089705.html |x Verlag |y Table of Contents |7 1 |
| 856 | 4 | 2 | |u http://www.loc.gov/catdir/description/wiley035/99089705.html |x Verlag |y Publisher description |7 1 |
| 935 | |i Blocktest | ||
| 936 | r | v | |a QP 345 |b Informationswesen. Informationssysteme |k Wirtschaftswissenschaften |k Allgemeine Betriebswirtschaftslehre |k Unternehmensführung |k Organisation |k Informationswesen. Informationssysteme |0 (DE-627)1270877542 |0 (DE-625)rvk/141866: |0 (DE-576)200877542 |
| 951 | |a BO | ||
| ELC | |b 1 | ||
| LOK | |0 000 xxxxxcx a22 zn 4500 | ||
| LOK | |0 001 3168030007 | ||
| LOK | |0 003 DE-627 | ||
| LOK | |0 004 308803337 | ||
| LOK | |0 005 20000907000000 | ||
| LOK | |0 008 000823||||||||||||||||ger||||||| | ||
| LOK | |0 040 |a DE-21 |c DE-627 |d DE-21 | ||
| LOK | |0 852 |a DE-21 | ||
| LOK | |0 852 1 |c KB 19 A 8269 |9 00 | ||
| LOK | |0 935 |a krim | ||
| LOK | |0 936ln |a k4.7.5 | ||
| LOK | |0 939 |a 23-08-00 |b l01 | ||
| ORI | |a SA-MARC-krimdoka001.raw | ||
| SIG | |a UB: KB 19 A 8269 | ||
